[Event "Niederbayernliga 0809"]
[Site "Germany"]
[Date "2009.03.29"]
[Round "9.8"]
[White "Grigore Nikolitsch, Corneliu"]
[Black "Gerl, Hans Peter"]
[Result "1/2-1/2"]
[WhiteElo "1667"]
[BlackElo "1709"]
[PlyCount "57"]
[EventDate "2008.10.05"]
[EventType "tourn"]
[EventRounds "9"]
[EventCountry "GER"]
[SourceTitle "EXT 2010"]
[Source "ChessBase"]
[SourceDate "2010.11.25"]
[SourceVersion "1"]
[SourceVersionDate "2010.11.25"]
[SourceQuality "1"]
[WhiteTeam "Rottal II"]
[BlackTeam "Straubing"]
[WhiteTeamCountry "GER"]
[BlackTeamCountry "GER"]

1. Nf3 d5 2. d4 Nf6 3. h3 Bf5 4. Bf4 e6 5. a3 Bd6 6. Be5 Bxe5 7. Nxe5 Nbd7 8. Nf3 c5 9. c3 0-0 10. e3 a6 11. Nbd2 h6 12. Be2 Qb6 13. Qc1 cxd4 14. exd4 Rac8 15. 0-0 Rfe8 16. Ne5 Nxe5 17. dxe5 Nd7 18. Nf3 Nc5 19. Nd4 Bg6 20. Kh2 Na4 21. Ra2 Nc5 22. f4 Rc7 23. Qd2 Nb3 24. Nxb3 Qxb3 25. Raa1 Be4 26. Bf3 Rc4 27. Rf2 Rec8 28. Be2 R4c5 29. Bf3 1/2-1/2

[Event "Niederbayernliga 0607"]
[Site "Germany"]
[Date "2006.??.??"]
[Round "2.7"]
[White "Grigore Nikolitsch, Corneliu"]
[Black "Doerfler, Guenther"]
[Result "0-1"]
[WhiteElo "1637"]
[BlackElo "1987"]
[PlyCount "100"]
[EventDate "2006.??.??"]
[EventType "team-tourn"]
[EventRounds "9"]
[EventCountry "GER"]
[SourceTitle "EXT 2008"]
[Source "ChessBase"]
[SourceDate "2007.11.25"]
[SourceVersion "1"]
[SourceVersionDate "2007.11.25"]
[SourceQuality "1"]
[WhiteTeam "Eggenfelden"]
[BlackTeam "Deggendorf"]
[WhiteTeamCountry "GER"]
[BlackTeamCountry "GER"]

1. e4 e5 2. Nf3 d6 3. h3 Nf6 4. Nc3 c6 5. Bc4 Be7 6. d4 Nbd7 7. a4 0-0 8. Be3 Qc7 9. Bb3 h6 10. 0-0 Re8 11. Nh2 Bf8 12. f3 b6 13. d5 c5 14. Nb5 Qd8 15. c4 Be7 16. g4 Nh7 17. f4 a6 18. Nc3 exf4 19. Bxf4 Ng5 20. Kg2 Bf6 21. Bxg5 hxg5 22. Bc2 Ne5 23. Qe2 Ng6 24. Kh1 Nf4 25. Qf3 Be5 26. Nd1 g6 27. Rb1 Kg7 28. Nf2 Rh8 29. Rfd1 Qf6 30. Bd3 Nxh3 31. Qxf6+ Kxf6 32. Rf1 Nf4 33. Kg1 Rxh2 34. Kxh2 Nxd3+ 35. Kg2 Nf4+ 36. Kf3 Bd7 37. b3 b5 38. axb5 axb5 39. Kg3 bxc4 40. bxc4 Nxd5+ 41. Kf3 Ra3+ 42. Kg2 Ne3+ 43. Kh1 Nxf1 44. Rxf1 Rf3 45. Kg2 Rg3+ 46. Kh1 Bf4 47. e5+ Kg7 48. exd6 Bc6+ 49. Kh2 Rg2+ 50. Kh3 Rh2# 0-1